[Event "Seville op 47th"]
[Site "Seville"]
[Date "2022.07.21"]
[Round "7"]
[White "Perez Garcia, Roberto"]
[Black "Lettieri, Giuseppe"]
[Result "0-1"]
[WhiteElo "2061"]
[BlackElo "2449"]
[PlyCount "66"]
[EventDate "2022.07.16"]
[EventType "swiss"]
[EventRounds "9"]
[EventCountry "ESP"]
[SourceTitle "CBM 209 Extra"]
[Source "ChessBase"]
[SourceDate "2022.09.30"]
[SourceVersion "1"]
[SourceVersionDate "2022.09.30"]
[SourceQuality "1"]

1. d4 d5 2. Nc3 c5 3. e4 dxe4 4. d5 Nf6 5. Bc4 a6 6. a4 g6 7. Nge2 Nbd7 8. Nf4 Nb6 9. Be2 Bd7 10. h4 h5 11. Be3 Nc8 12. Bxc5 Qc7 13. Be3 Nd6 14. Nh3 Bg7 15. a5 Nf5 16. Bb6 Qe5 17. Ng5 Nxh4 18. Rxh4 Qxg5 19. g3 0-0 20. Nxe4 Nxe4 21. Rxe4 Bxb2 22. Rb1 Bf6 23. Be3 Qf5 24. Rf4 Qh3 25. Bf3 Rac8 26. Rxb7 Bb5 27. Rxb5 axb5 28. Bb6 Rc3 29. a6 Ra3 30. Rxf6 exf6 31. a7 Re8+ 32. Kd2 Qc8 33. Bd4 Qc4 0-1

[Event "Seville op 45th"]
[Site "Seville"]
[Date "2020.01.13"]
[Round "4"]
[White "Perez Garcia, Roberto"]
[Black "Chen, Qi B"]
[Result "0-1"]
[WhiteElo "2057"]
[BlackElo "2432"]
[PlyCount "52"]
[EventDate "2020.01.10"]
[EventType "swiss"]
[EventRounds "9"]
[EventCountry "ESP"]
[SourceTitle "CBM 194 Extra"]
[Source "ChessBase"]
[SourceDate "2020.03.31"]
[SourceVersion "1"]
[SourceVersionDate "2020.03.31"]
[SourceQuality "1"]

1. e4 c5 2. Nc3 d6 3. d4 cxd4 4. Qxd4 Nf6 5. b3 Nc6 6. Qd2 e6 7. Bb2 a6 8. 0-0-0 b5 9. f3 h5 10. g3 Be7 11. Kb1 Bd7 12. Bg2 b4 13. Na4 Na5 14. f4 Bxa4 15. e5 dxe5 16. Bxa8 Qxa8 17. fxe5 Ne4 18. Qe1 Bc6 19. Ne2 Nf2 20. Qxf2 Bxh1 21. Qb6 Bf3 22. Qxa5 Bxe2 23. Re1 Bb5 24. Qc7 Qd8 25. Qb7 0-0 26. Qf3 Qd2 0-1

[Event "Lorca op 7th"]
[Site "Lorca"]
[Date "2018.12.27"]
[Round "3"]
[White "Perez Garcia, Roberto"]
[Black "Serarols Mabras, Bernat"]
[Result "0-1"]
[WhiteElo "2149"]
[BlackElo "2371"]
[PlyCount "76"]
[EventDate "2018.12.26"]
[EventType "swiss"]
[EventRounds "9"]
[EventCountry "ESP"]
[SourceTitle "CBM 188 Extra"]
[Source "ChessBase"]
[SourceDate "2019.02.26"]
[SourceVersion "1"]
[SourceVersionDate "2019.02.26"]
[SourceQuality "1"]

1. d4 d5 2. Nf3 Nf6 3. c4 e6 4. g3 Bb4+ 5. Bd2 Be7 6. Bg2 c6 7. Qc2 0-0 8. 0-0 b6 9. Rd1 Nbd7 10. Bf4 Ba6 11. Ne5 Rc8 12. Qa4 Nb8 13. cxd5 b5 14. Qb3 cxd5 15. a3 Nfd7 16. Nc3 Nxe5 17. Bxe5 Qb6 18. e4 dxe4 19. Bxb8 Rxb8 20. Bxe4 Kh8 21. Bg2 Bb7 22. Bxb7 Rxb7 23. d5 e5 24. d6 Bxd6 25. Qxb5 Qxb5 26. Nxb5 Be7 27. Rd5 a6 28. Nc3 Rxb2 29. Ne4 f6 30. Rd7 Bd8 31. Rc1 Bb6 32. Rc6 h6 33. Kh1 f5 34. Nd6 f4 35. Nf7+ Kh7 36. gxf4 exf4 37. Nxh6 f3 38. h4 Rf4 0-1

[Event "Lisbon Portugal op"]
[Site "Lisbon"]
[Date "2018.02.09"]
[Round "9"]
[White "Perez Garcia, Roberto"]
[Black "Boricsev, Oleg"]
[Result "0-1"]
[WhiteElo "2142"]
[BlackElo "2328"]
[PlyCount "62"]
[EventDate "2018.02.03"]
[EventType "swiss"]
[EventRounds "9"]
[EventCountry "POR"]
[SourceTitle "CBM 182 Extra"]
[Source "ChessBase"]
[SourceDate "2018.02.23"]
[SourceVersion "1"]
[SourceVersionDate "2018.02.23"]
[SourceQuality "1"]

1. d4 d5 2. c4 e6 3. Nf3 c5 4. cxd5 exd5 5. g3 Nc6 6. Bg2 Nf6 7. 0-0 Be7 8. dxc5 Bxc5 9. Nc3 0-0 10. Na4 Be7 11. Be3 Bg4 12. Rc1 Re8 13. Nc5 Bxc5 14. Bxc5 Ne4 15. Be3 Qd7 16. Re1 Rac8 17. Nd4 Bh3 18. Bh1 h5 19. Nxc6 bxc6 20. Qa4 h4 21. Qxa7 Qf5 22. b4 c5 23. Qb7 d4 24. Bf4 g5 25. Bxe4 Rxe4 26. Bxg5 Rce8 27. Bf4 d3 28. bxc5 Rxf4 29. gxf4 d2 30. Qf3 Rxe2 31. Red1 Qe6 0-1

[Event "Pontevedra Toxa op"]
[Site "Pontevedra"]
[Date "2016.09.29"]
[Round "6"]
[White "Bergman, Thomas"]
[Black "Perez Garcia, Roberto"]
[Result "0-1"]
[WhiteElo "1865"]
[BlackElo "2216"]
[PlyCount "126"]
[EventDate "2016.09.24"]
[EventType "swiss"]
[EventRounds "9"]
[EventCountry "ESP"]
[SourceTitle "CBM 174 Extra"]
[Source "ChessBase"]
[SourceDate "2016.10.10"]
[SourceVersion "1"]
[SourceVersionDate "2016.10.10"]
[SourceQuality "1"]

1. d4 Nf6 2. c4 g6 3. Nf3 Bg7 4. Nc3 d5 5. Bf4 0-0 6. e3 c5 7. Be2 cxd4 8. Nxd4 Nc6 9. Nxc6 bxc6 10. Be5 Be6 11. 0-0 Qa5 12. Qa4 Qxa4 13. Nxa4 Ne4 14. Bxg7 Kxg7 15. cxd5 cxd5 16. Rfd1 Rac8 17. Rac1 Bd7 18. Nc3 Nxc3 19. Rxc3 Rxc3 20. bxc3 Be6 21. f4 Rc8 22. Rc1 Rc5 23. Bd3 Ra5 24. Rc2 Ra3 25. Kf2 Bd7 26. Ke2 Ba4 27. Rb2 Rxc3 28. Rb7 Bc2 29. Rxa7 Rxd3 30. Rc7 Bb1 31. Rc1 Ra3 32. Rxb1 Rxa2+ 33. Kf3 Ra3 34. Rd1 e6 35. g4 f6 36. h4 h6 37. Rd4 Rc3 38. Ra4 Rc7 39. Ra5 Rd7 40. Ke2 e5 41. Kd3 Kf7 42. Ra6 d4 43. fxe5 fxe5 44. Ra4 dxe3+ 45. Kxe3 Ke6 46. Ra6+ Rd6 47. Ra4 h5 48. gxh5 gxh5 49. Ra1 Rd4 50. Rh1 Kf5 51. Kf3 Rd3+ 52. Ke2 Rg3 53. Rf1+ Ke4 54. Rf7 Rg4 55. Rb7 Kf5 56. Rf7+ Ke6 57. Rf8 Rxh4 58. Kf3 Ra4 59. Ke3 h4 60. Kf3 h3 61. Rh8 Kd5 62. Rd8+ Kc5 63. Rh8 Ra3+ 0-1

[Event "Pontevedra Toxa op"]
[Site "Pontevedra"]
[Date "2016.09.27"]
[Round "4"]
[White "Barral Rubirosa, Cristobal"]
[Black "Perez Garcia, Roberto"]
[Result "0-1"]
[WhiteElo "1890"]
[BlackElo "2216"]
[PlyCount "70"]
[EventDate "2016.09.24"]
[EventType "swiss"]
[EventRounds "9"]
[EventCountry "ESP"]
[SourceTitle "CBM 174 Extra"]
[Source "ChessBase"]
[SourceDate "2016.10.10"]
[SourceVersion "1"]
[SourceVersionDate "2016.10.10"]
[SourceQuality "1"]

1. Nf3 Nf6 2. d4 c5 3. g3 g6 4. Bg2 Bg7 5. 0-0 0-0 6. c4 cxd4 7. Nxd4 d5 8. cxd5 Nxd5 9. Nb3 Nb4 10. Qxd8 Rxd8 11. Nc3 N8c6 12. Bf4 e5 13. Bg5 f6 14. Bc1 Bf5 15. Ne4 Nc2 16. Rb1 N6d4 17. Nxd4 Nxd4 18. e3 Ne6 19. Ra1 Rac8 20. b3 b6 21. Ba3 Bxe4 22. Bxe4 f5 23. Bb7 Rc2 24. Rad1 Rdd2 25. Rxd2 Rxd2 26. Bb4 Rd8 27. Rc1 Bf8 28. Bxf8 Kxf8 29. Rc8 Rxc8 30. Bxc8 Nc5 31. Kf1 Ke7 32. b4 Nd3 33. b5 Nc5 34. Ke2 Kd6 35. Ba6 Kc7 0-1

[Event "Pontevedra Toxa op"]
[Site "Pontevedra"]
[Date "2016.09.26"]
[Round "3"]
[White "Perez Garcia, Roberto"]
[Black "Larino Nieto, David"]
[Result "0-1"]
[WhiteElo "2216"]
[BlackElo "2497"]
[PlyCount "72"]
[EventDate "2016.09.24"]
[EventType "swiss"]
[EventRounds "9"]
[EventCountry "ESP"]
[SourceTitle "CBM 174 Extra"]
[Source "ChessBase"]
[SourceDate "2016.10.10"]
[SourceVersion "1"]
[SourceVersionDate "2016.10.10"]
[SourceQuality "1"]

1. Nf3 d6 2. d4 Nd7 3. g3 e5 4. Bg2 Ngf6 5. c4 g6 6. 0-0 Bg7 7. Qc2 0-0 8. Rd1 exd4 9. Nxd4 a5 10. Nc3 Re8 11. b3 Nc5 12. Bb2 c6 13. h3 h5 14. Rab1 h4 15. g4 Nxg4 16. hxg4 Bxg4 17. Na4 h3 18. Nxc5 hxg2 19. Nf3 Bxf3 20. exf3 Qh4 21. Kxg2 Qg5+ 22. Kf1 Qxc5 23. Bxg7 Kxg7 24. Qb2+ f6 25. Re1 Qh5 26. Kg2 Qg5+ 27. Kf1 Qh4 28. Re3 Qh1+ 29. Ke2 Rxe3+ 30. fxe3 Qg2+ 31. Kd3 Qxf3 32. Re1 Qf5+ 33. Kd2 Rh8 34. Re2 Rh1 35. a3 Qf1 36. Qc2 Qxe2+ 0-1

[Event "La Roda op 43rd"]
[Site "La Roda"]
[Date "2016.03.24"]
[Round "2"]
[White "Perez Garcia, Roberto"]
[Black "Lopez Martinez, Josep Manuel"]
[Result "0-1"]
[WhiteElo "2144"]
[BlackElo "2549"]
[PlyCount "52"]
[EventDate "2016.03.23"]
[EventType "swiss"]
[EventRounds "9"]
[EventCountry "ESP"]
[SourceTitle "CBM 171 Extra"]
[Source "ChessBase"]
[SourceDate "2016.04.26"]
[SourceVersion "1"]
[SourceVersionDate "2016.04.26"]
[SourceQuality "1"]

1. Nf3 Nf6 2. c4 e6 3. g3 d5 4. Bg2 Be7 5. 0-0 0-0 6. d4 c6 7. Qc2 a5 8. Rd1 Ne4 9. Nc3 f5 10. Rb1 b6 11. a3 Ba6 12. Ne5 Bf6 13. Nxe4 fxe4 14. b4 Bxe5 15. dxe5 Qc8 16. Bg5 axb4 17. axb4 h6 18. Be7 Rf7 19. Bd6 Bxc4 20. Bxe4 Ra2 21. Bh7+ Kh8 22. Qg6 Rf5 23. Rbc1 Bxe2 24. Ra1 Rxa1 25. Rxa1 Na6 26. h4 Bh5 0-1

[Event "ESP-chT CECLUB Div2"]
[Site "Linares"]
[Date "2014.08.20"]
[Round "4.2"]
[White "Perez Garcia, Roberto"]
[Black "Abal Cores, Lucas"]
[Result "1-0"]
[WhiteElo "2138"]
[BlackElo "2130"]
[PlyCount "81"]
[EventDate "2014.08.18"]
[EventType "team-swiss"]
[EventRounds "6"]
[EventCountry "ESP"]
[SourceTitle "CBM 162 Extra"]
[Source "ChessBase"]
[SourceDate "2014.10.17"]
[SourceVersion "1"]
[SourceVersionDate "2014.10.17"]
[SourceQuality "1"]
[WhiteTeam "Espartinas Alekhine"]
[BlackTeam "Fontecarmoa CC"]
[WhiteTeamCountry "ESP"]
[BlackTeamCountry "ESP"]

1. d4 Nf6 2. c4 e6 3. g3 Be7 4. Bg2 0-0 5. Nf3 b6 6. 0-0 Bb7 7. Nbd2 c5 8. b3 d6 9. Bb2 Nbd7 10. Qc2 Qc7 11. e4 cxd4 12. Nxd4 Rac8 13. Rae1 Rfd8 14. Qd1 Nc5 15. Qe2 Nfd7 16. f4 a6 17. g4 Bf6 18. g5 Bxd4+ 19. Bxd4 e5 20. Be3 exf4 21. Rxf4 Ne5 22. Ref1 Ne6 23. R4f2 b5 24. Bh3 bxc4 25. Nxc4 Nxc4 26. Rxf7 Qxf7 27. Rxf7 Kxf7 28. bxc4 Re8 29. Qh5+ Kg8 30. g6 hxg6 31. Qxg6 Nf8 32. Qxd6 Rxc4 33. e5 Rc6 34. Qd5+ Kh8 35. Qf7 Rg6+ 36. Kf2 Bc6 37. Bf5 Rg2+ 38. Ke1 Bb5 39. Bg4 Rxh2 40. e6 Rh1+ 41. Kd2 1-0

[Event "La Roda op 41st"]
[Site "La Roda"]
[Date "2014.04.17"]
[Round "3"]
[White "Buscara, Sevan"]
[Black "Perez Garcia, Roberto"]
[Result "1-0"]
[WhiteElo "2345"]
[BlackElo "2178"]
[PlyCount "63"]
[EventDate "2014.04.16"]
[EventType "swiss"]
[EventRounds "9"]
[EventCountry "ESP"]
[SourceTitle "CBM 159 Extra"]
[Source "ChessBase"]
[SourceDate "2014.04.24"]
[SourceVersion "1"]
[SourceVersionDate "2014.04.24"]
[SourceQuality "1"]

1. d4 d6 2. Nf3 g6 3. Bf4 Bg7 4. e3 Nf6 5. Be2 0-0 6. 0-0 c5 7. c3 Be6 8. Nbd2 Qb6 9. Ng5 Bd7 10. Nc4 Qc7 11. h3 h6 12. Nf3 Be6 13. Ncd2 Qb6 14. e4 cxd4 15. cxd4 d5 16. e5 Ne4 17. Bd3 g5 18. Be3 Bf5 19. Qb1 Qg6 20. Nxe4 dxe4 21. Bc2 f6 22. g4 exf3 23. Bxf5 Qe8 24. e6 Nc6 25. Qe4 Qd8 26. Rad1 Qd6 27. Qxf3 Rfd8 28. Be4 Rac8 29. Qf5 Nb4 30. d5 Qe5 31. Qh7+ Kf8 32. Bg6 1-0

[Event "Seville-ch"]
[Site "Seville"]
[Date "2014.03.22"]
[Round "9.2"]
[White "Perez Garcia, Roberto"]
[Black "Gutierrez Valero, Mario"]
[Result "1/2-1/2"]
[WhiteElo "2173"]
[BlackElo "2186"]
[PlyCount "72"]
[EventDate "2014.01.25"]
[EventType "swiss"]
[EventRounds "9"]
[EventCountry "ESP"]
[SourceTitle "EXT 2024"]
[Source "ChessBase"]
[SourceDate "2023.10.10"]
[SourceVersion "1"]
[SourceVersionDate "2023.10.10"]
[SourceQuality "1"]

1. Nf3 Nf6 2. d4 g6 3. Nbd2 d5 4. c4 Bg7 5. e3 0-0 6. b4 b6 7. Bb2 dxc4 8. Bxc4 Bb7 9. 0-0 Nbd7 10. Qb3 e6 11. Rac1 Qe7 12. Ba3 Rfc8 13. b5 Qe8 14. Rfe1 a6 15. e4 axb5 16. Bxb5 Ra5 17. Nc4 Rxb5 18. Qxb5 Bxe4 19. Nfe5 Bd5 20. Rc2 Ra8 21. Bb4 Nxe5 22. Qxe8+ Nxe8 23. Nxe5 Bxe5 24. dxe5 Rxa2 25. Rxa2 Bxa2 26. Be7 Bd5 27. Rc1 h6 28. Bd8 Kg7 29. Bxc7 Nxc7 30. Rxc7 b5 31. Rc5 b4 32. Rb5 b3 33. f4 f6 34. Kf2 g5 35. Ke3 gxf4+ 36. Kxf4 fxe5+ 1/2-1/2